000 00313nam a22001337a 4500
008 170629b xxu||||| |||| 00| 0 eng d
020 _a2900131193535
041 _aeng
080 _a05
100 _a22
101 _aGJL
245 _aSTUDENTS IN SPECIAL AND GENERAL EDUCATION
_cSPINELLI, C.G
942 _2udc
_cBK
999 _c19472
_d19472